000 00607nam a22001937a 4500
005 20251108171056.0
008 250721s1991 xx 000 0 ara d
082 1 4 _aط/387.736/مطا
100 1 _aالخطيب، أحمد شفيق
_eمترجم
245 1 0 _aالمطارات /
264 1 _aبيروت :
_bمكتبة لبنان،
_c1991.
300 _a31ص.
490 0 _aكتب الفراشة : المعارف الميسرة
650 1 7 _aالمطارات
650 1 7 _aالنقل الجوي
653 _aاطفال مرحله متوسطه (6-9) سنوات
942 _2ddc
_cBK
999 _c55972
_d55972